000 00810nam a22002417a 4500
003 OSt
005 20251205011849.0
008 251205b |||||||| |||| 00| 0 eng d
020 _a0-7619-2434-5
040 _aDWC-Main lib
_cOC
082 _22nd edition
_aCirc. 658.8 K848 2002
100 _aKotler, P.
245 _aSocial marketing :
_b Improving the quality of life
_cKotler, Philip
250 _a2nd edition
260 _aCalifornia :
_bSage Publications, Inc.,
_cc2002
300 _axv, 438 pages ;
_c23 cm.
504 _aIncludes bibliographical references and index
650 _2Behavior modification
650 _2Social marketing
700 _aRoberto, Ned
700 _aLee, Nancy
942 _2ddc
_cBK-CIRC
_e2nd edition
_hCirc. 658.8 K848 2002
_kCirc.
_n0
999 _c6887
_d6887